000
00229nam a2200085Ia 4500
008
220204s9999 xx 000 0 und d
245
0
_a
Indian Business directory of exporters and importers
260
_a
New Delhi
_b
c1971
942
_c
BK
999
_c
21760
_d
21760